000 00940nam a2200229 a 4500
001 39768
003 BD-RjUL
005 20211209053044.0
008 160418r20142009ii ||||| |||| 001 0 ben d
020 _a9788177568554
_c: IRs 500.00
035 _a(BD-RjUL) 39881
040 _aBD-RjUL
_bben
_cBD-RjUL
041 _aben
082 _223
_a954.9092
_bSIJ 2014
100 _aসিংহ, যশোবন্ত
_9122521
245 1 0 _aজিন্না :
_bভারত দেশভাগ স্বাধীনতা /
_cযশোবন্ত সিংহ
260 _aকুলকাতা :
_bআনন্দ পাবলিশার্স,
_c২০১৪
300 _a[১৩], ৪৬২ পৃ. :
_bচিত্র ;
_c২৪ সেমি.
600 _ajinnah, Mohammad ali
_y1876-1948
_9122522
600 _aজিন্না, মোহাম্মাদ আলী
_y১৮৭৬-১৯৪৮
_9122523
942 _2ddc
_cBK
_014
999 _c39768
_d39768